Nombra los 93 verbos que comienzan con J - Estadísticas

Estadísticas generales
  • Esta prueba ha sido intentada 115 veces
  • La puntuación promedio es 10 de 94
Estadísticas de respuestas
Respuesta % Correcto
judgar
94%
jugar
94%
joder
76%
jalar
74%
juzgar
53%
juntar
53%
jadear
39%
jadiar
38%
jamar
33%
jurar
33%
jorobar
29%
jalear
28%
jactar
23%
jabonar
21%
jarrear
21%
jarrar
20%
jubilar
18%
justar
15%
jaquear
12%
jumar
12%
jasar
11%
jaspear
11%
judiar
11%
juguetear
11%
justificar
11%
jinetear
9%
justiciar
9%
jacer
8%
juglar
8%
jopar
7%
jetar
6%
juncar
6%
jopear
5%
jalonar
4%
jipiar
4%
jitar
4%
jaranear
3%
jovar
3%
juerguear
3%
juñir
3%
juramentar
3%
jabalconar
2%
jabalonar
2%
jabelgar
2%
jabrir
2%
jacarear
2%
jaezar
2%
jamuscar
2%
jarciar
2%
jarrer
2%
jarretar
2%
jeringar
2%
jijear
2%
joguer
2%
jornalar
2%
jornalar
2%
jorrar
2%
juvenecer
2%
jabardear
1%
jaharrar
1%
jalbegar
1%
jambrar
1%
jamerdar
1%
jamurar
1%
jarabear
1%
jarapotear
1%
jarbar
1%
jaricar
1%
jaropar
1%
jaropear
1%
jedar
1%
jerarquizar
1%
jesusear
1%
jorcar
1%
jujear
1%
justipreciar
1%
jaquir
0%
jebrar
0%
jentender
0%
jeremiquear
0%
jerigonzar
0%
jijallar
0%
jimenzar
0%
jinglar
0%
jirpear
0%
joglar
0%
jonjabar
0%
joparse
0%
judaizar
0%
judicar
0%
jumarse
0%
juncir
0%
jusmeter
0%
jusmeterse
0%
No se encontraron pruebas coincidentes
Distribución de puntuación
Porcentaje de gente con cada puntuación
Porcentaje por número respondido
Historial de tus puntuaciones
No has intentado esta prueba.